000 00293nam a2200145Ia 4500
100 _aRaj Kamal
942 _cBK
654 _aembedded system
245 _aEmbedded systems
260 _bTata Mc Graw hill
_c2003
082 _a3.3
_bRAJ
300 _a631
546 _aENGLISH
999 _c22765
_d22765